000 00495nam a22001937a 4500
003 MPLRDC
005 20220104183314.0
008 210129b ||||| |||| 00| 0 eng d
020 _a986-6571-41-1
082 _a176.74 ZTZ
100 _a佐藤传
245 _a创造美好明天的夜间习惯
_c赖又萁译
250 _a初版
260 _a台湾
_b商周出版
_c2008
300 _b
490 _a人生心视野. 20
650 _a心理过程--习惯
942 _cBK
_o176.74 ZTZ
999 _c62342
_d62332